• 首页
  • 本馆介绍
  • 公告通知
  • 最新文献
  • 馆藏检索
  • 电子资源
  • 读者导购
  • 参考咨询
  • 我的图书馆
  • 登录
  • 详细信息显示
  • 放入我的书架
  • 预约/预借图书
  • 作者相关作品
  • 分类相关作品
  • 丛书相关作品
  • 出版社相关作品

书目信息

  • 表格格式
  • 工作单格式
  • 卡片格式
题名:
简易农田水利工程测量
    
 
作者: 山西省水利局 , 河北水利水电学院 编
分册:  
出版信息: 北京   水利电力出版社  1976.09
页数: 183页
开本: 19cm
丛书名:
单 册:
中图分类: S274.4
科图分类:
主题词: 农田水利
电子资源:
ISBN:
000 00760nam0 2200217 450
001 0854942593
005 20081013152045.54
010    @dCNY0.43
091    @a15143.3219
100    @a20081013d1976 km y0chiy0120 ea
101 0  @achi
102    @aCN@b110000
200 1  @a简易农田水利工程测量@Ajian yi nong tian shui li gong cheng ce liang@f山西省水利局,河北水利水电学院编@Fshan xi sheng shui li ju,he bei shui li shui dian xue yuan bian
210    @a北京@c水利电力出版社@d1976.09
215    @a183页@d19cm
606 0  @a农田水利
690    @aS274.4@v4
701  0 @a山西省水利局@Ashan xi sheng shui li ju@4编
701  0 @a河北水利水电学院@Ahe bei shui li shui dian xue yuan@4编
801  0 @aCN@b大连网信软件有限公司图书馆·11@c20081013
905    @aBZT@dS274.4@e1
    
    简易农田水利工程测量/山西省水利局,河北水利水电学院编.-北京:水利电力出版社,1976.09
    183页;19cm
    
    
    ISBN :CNY0.43
    
●
相关链接 在五车中查询图书 在当当中查询图书 在豆瓣中查询图书


正题名:简易农田水利工程测量     索取号:S274.4/1         预约/预借

序号 登录号 条形码 馆藏地/架位号 状态 备注
1 041948   201236616   中心书库中库/ 中库032架B面4列6层34/ [索取号:S274.4/1] 在馆    
2 041949   201236545   中心书库中库/ 中库033架B面6列5层32/ [索取号:S274.4/1] 在馆    
3 041950   201236554   中心书库中库/ 中库033架B面6列5层34/ [索取号:S274.4/1] 在馆    
4 041954   201236581   中心书库中库/ 中库033架B面6列5层38/ [索取号:S274.4/1] 在馆    
5 041955   201236536   中心书库中库/ 中库033架B面6列5层31/ [索取号:S274.4/1] 在馆    
6 041956   201236518   中心书库中库/ 中库033架B面6列5层40/ [索取号:S274.4/1] 在馆    
7 041957   201236509   中心书库中库/ 中库033架B面6列5层39/ [索取号:S274.4/1] 在馆    
8 041958   201236527   中心书库中库/ 中库033架B面6列5层37/ [索取号:S274.4/1] 在馆    
9 041959   201236572   中心书库中库/ 中库033架B面6列5层35/ [索取号:S274.4/1] 在馆    
10 041960   201236563   中心书库中库/ 中库033架B面6列5层36/ [索取号:S274.4/1] 在馆    
11 041962   201236590   中心书库中库/ 中库033架B面6列5层33/ [索取号:S274.4/1] 在馆    
山东省滨州职业学院图书馆 欢迎您!
大连网信软件有限公司© 版权所有